Every NHL Toronto Maple Leaf Fight 2024-2025 - Statistics

General Stats
  • This quiz has been taken 20 times
  • The average score is 14 of 24
Answer Stats
Game Player Opponent Date % Correct
Leafs vs Senators Ryan Reaves Donovan Sebrango Sept. 22, 2024
94%
Leafs vs Blue Jackets Ryan Reaves Mathieu Olivier Jan. 22, 2025
94%
Leafs vs Lightning Max Domi Zemgus Girgensons Oct. 21, 2024
88%
Leafs vs Jets Max Domi Alex Iafallo Dec. 23, 2024
88%
Leafs vs Panthers Max Domi Nate Schmidt March 13, 2025
88%
Leafs vs Canadiens Max Domi Kaiden Guhle April 12, 2025
88%
Leafs vs Golden Knights Matthew Knies Zach Whitecloud March 5, 2025
65%
Leafs vs Sabres Morgan Rielly Tage Thompson Dec. 20, 2024
65%
Leafs vs Lightning Bobby McMann Brayden Point April 9, 2025
59%
Leafs vs Blues Jake McCabe Brayden Schenn Nov. 2, 2024
59%
Leafs vs Flyers Jake McCabe Garnet Hathaway Jan. 5, 2025
59%
Leafs vs Kraken Simon Benoit Oliver Bjorkstrand Feb. 6, 2025
59%
Leafs vs Utah Simon Benoit Michael Kesselring March 10, 2025
59%
Leafs vs Blue Jackets Simon Benoit Mathieu Olivier April 5, 2025
59%
Leafs vs Kings Brandon Carlo Jeff Malott March 29, 2025
53%
Leafs vs Senators Pontus Holmberg Cole Reinhardt Sept. 24, 2024
47%
Leafs vs Blues Pontus Holmberg Pavel Buchnevich Nov. 2, 2024
47%
Leafs vs Blue Jackets Steven Lorentz Sean Kuraly April 5, 2025
47%
Leafs vs Senators Scott Laughton Ridly Greig March 15, 2025
41%
Leafs vs Canadiens Philippe Myers Josh Anderson Sept. 28, 2024
24%
Leafs vs Sharks Philippe Myers Mario Ferraro March 3, 2025
24%
Leafs vs Flyers Connor Dewar Joel Farabee Jan. 7, 2025
18%
Leafs vs Senators Nikita Grebenkin Adam Gaudette Sept. 22, 2024
18%
Leafs vs Canadiens Marshall Rifai Juraj Slafkovsky Sept. 28, 2024
12%
No matching quizzes found
Score Distribution
Percent of People with Each Score
Percentile by Number Answered
Your Score History
You have not taken this quiz